000 01441nam0a2200337 4500
001 RU\NLR\BIBL_A\022577928
005 20260420050322.0
010 _a978-5-04-208191-0
_93000
021 _aRU
_bКН-П-25-026642
_9КН-П-25-2652
035 _a(NLR Aleph) 022577928
090 _a13676668
_c13676668
100 _a20250702d2025 c y0rusy50 ca
101 0 _arus
102 _aRU
105 _aa|||g|||000yy
181 0 _ai3
_baxxe
182 0 _an
200 1 _aЛитературное чтение
_eтеория, примеры, задания
_e1-4 классы
_eсправочник
_fО. Н. Куликова
203 _aТекст
_bвизуальный
_cнепосредственный
210 _aМосква
_cЭксмо, #эксмодетство
_d2025
215 _a127 с.
_cил., табл.
_d21
225 1 _aКурс начальной школы
_eнаглядно и понятно
300 _aНа обл. авт. не указан
333 _a0+
606 1 _aРусский язык
_jУчебные издания для начальной школы
_91533567
_3RU\NLR\AUTH\66969347
686 3 _aШ141.12-922.1[1/4]
700 1 _7ca
_8rus
_aКуликова
_bО. Н.
_cметодист, начальная школа
_gОльга Николаевна
_9243024
_3RU\NLR\AUTH\770243080
942 _cBOOK
980 _aNB